000 00780nam a22002177a 4500
999 _c1194
_d1194
003 AR-CdUCM
008 190226b ||||| |||| 00| 0 spa d
040 _aMUNICIPALIDAD PROVINCIAL DEL CUSCO
_cBIBLIOTECA MUNICIPAL DEL CUSCO
082 _21ra. ed.
_a327.47 /
_bM94
100 _aMuñiz Ortega, Carlos
_94667
245 _aLa U.R.S.S y America Latina :
_b50 años de relaciiones diplomaticas y economicas /
_cMuñiz Ortega, Carlos
260 _aLima - Peru:
_bFrancisco Moncloa Editores S.A. ,
_c1968.
300 _a130 paginas :
_c22 cm.
650 _aEntente Cordiale.
_94668
650 _aURSS.
_92690
650 _aLatinoamerica y Rusia.
_94669
700 _aMuñiz Ortega, Carlos
_94667
856 _fMuñiz Ortega, Carlos
942 _2ddc
_cLIBROS
945 _artm
_d2019-02-26